Normal view MARC view
  • Chancellorsville, Battle of, Chancellorsville, Va., 1863

Entry Topical Term

Number of records used in: 2

001 - CONTROL NUMBER

  • control field: 12128

003 - CONTROL NUMBER IDENTIFIER

  • control field: NUST

005 - DATE AND TIME OF LATEST TRANSACTION

  • control field: 20180730102409.0

008 - FIXED-LENGTH DATA ELEMENTS

  • fixed length control field: 180730|| aca||aabn | a|a d

040 ## - CATALOGING SOURCE

  • Original cataloging agency: NUST
  • Transcribing agency: NUST

150 ## - HEADING--TOPICAL TERM

  • Topical term or geographic name entry element: Chancellorsville, Battle of, Chancellorsville, Va., 1863
  • Form subdivision: Fiction.

670 ## - SOURCE DATA FOUND

  • Source citation: Work cat.: (NUST)174471: Crane, Stephen, 1871-1900. 12120, The red badge of courage :, 1983.
© 2023 Central Library, National University of Sciences and Technology. All Rights Reserved.